000 00958nam a22002657a 4500
003 OSt
005 20250801103016.0
008 250717b |||||||| |||| 00| 0 eng d
020 _a9783031089800 (Paperback)
040 _aNUST
_beng
_cNUST
_dNUST
_erda
050 _a QA76.C65 RUZ
100 _aRuzbarsky, Juraj
_eAuthor
245 _aContactless system for measurement and evaluation of machined surfaces /
_cJuraj Ruzbarsky.
260 _aCham :
_bSpringer,
_c©2022.
300 _axiii, 97 pages :
_bIllustrations ;
_c25 cm.
336 _2rdamedia
_atext
_btxt
337 _2rdamedia
_aunmediated
_bn
338 _2rdamedia
_avolume
_bnc
440 _aSpringerBriefs in Applied Sciences and Technology
504 _aIncludes bibliographical references.
650 _vCalculating machines.
650 _vInstruments and machines .
650 _vCOMPUTERS Artificial Intelligence.
942 _2lcc
_cBOOKS
_h QA76.C65 RUZ
_kQA
_mRUZ
_n0
999 _c172275
_d172275